Divat és textil
| Corporate Authors: | , , |
|---|---|
| Format: | Journal |
| Language: | Hungarian |
| PhysicalDescription: | 8 roč. 24 x 34 cm |
| Published: |
Bratislava
Výbor československých žien na Slovensku Textilná tvorba Vyd. Pravda
7/IV 1954
Bratislava Výbor československých žien v Bratislave Textilná tvorba, n. p. Bratislava Výbor československých žien na Slovensku v Bratislave |
| Edition: | Maďarská mutácia |
| Subjects: |
MARC
| LEADER | 00000nas a22000001a 4500 | ||
|---|---|---|---|
| 001 | vtls010301163 | ||
| 003 | SK-MaSNL | ||
| 005 | 20260228161522.0 | ||
| 008 | 110810d19531960xo mr p r 0 b0hun | ||
| 015 | |a SNBDS17XX9999 | ||
| 015 | |a 0207 |2 Balúnová 1945-60 | ||
| 038 | |a SNKBUDS | ||
| 040 | |a SNK |b slo |c SNK |e AACR2 | ||
| 041 | 0 | |a hun | |
| 044 | |a xo |c SK | ||
| 080 | |a 685.34.012 |2 2001 | ||
| 245 | 0 | 0 | |a Divat és textil |
| 250 | |a Maďarská mutácia | ||
| 260 | |a Bratislava |b Výbor československých žien na Slovensku |b Textilná tvorba |b Vyd. Pravda |c 7/IV 1954 | ||
| 260 | 2 | |3 8/IV 1954-1/VI 1956 |a Bratislava |b Výbor československých žien v Bratislave |b Textilná tvorba, n. p. | |
| 260 | 3 | |3 2/VI 1956-12/X 1960 |a Bratislava |b Výbor československých žien na Slovensku v Bratislave | |
| 300 | |a 8 roč. |c 24 x 34 cm | ||
| 310 | |a 1x mesačne | ||
| 362 | 0 | |a Roč. III, č. 1 (1953)-roč. X, č. 12 (1960) | |
| 500 | |a Vych. v Bratislave mesačne | ||
| 500 | |a Hlav. red. Marta Hodálová, od 8/IV (aug. 1954) Marta Štefániková-Hodálová, od 9/VIII (sept. 1958) Anna Chudíková, od 12/IX (dec. 1959) sa neuvádza, od 2/X (febr. 1960) R. Vávrušová. Graf. úpr. Emil Bačík, od 10/VII (okt. 1957) Emil Bačík a Viera Žilinčanová, od 12/VII (dec. 1957) Viera Žilinčanová, v 5/IX (máj 1959) Dagmar Dolinská, od 6/IX (jún 1959) sa neuvádza, od 9/IX (sept. 1959) Emil Bačík, od 8/X (okt. 1960) sa neuvádza. Fotogr. Otakar Rybák, od 2/VI (febr. 1956) Otakar Rybák a Kamil Vyskočil, od 4/VI (apr. 1956) sa neuvádza, od 1/VII (jan. 1957) Karol Kállay, v 5/IX (máj 1959) Karol Kállay a Vojtech Bellák, od 6/IX (jún 1959) sa neuvádza, od 10/IX (okt. 1959) Karol Kállay | ||
| 500 | |a Vyd. Výbor československých žien na Slovensku a Textilná tvorba, n. p. v Bratislave vo vyd. Pravda, od 8/IV (aug. 1954) Výbor československých žien a Textilná tvorba, n. p. v Bratislave, od 2/VI (febr. 1956) Výbor československých žien na Slovensku v Bratislave | ||
| 500 | |a Tlač. Severoslov. tlačiarne, n. p. v Martine, od 4/VIII (apr. 1958) Tlačiarne Slovenského národného povstania, n. p. v Martine | ||
| 500 | |a Maď. mut. čas. Móda-textil. Vych. až od r. 1953 | ||
| 505 | 8 | 0 | |g Roč. III. 1953 12 č. po 32 s. |
| 505 | 8 | 0 | |g Roč. IV. 1954 12 č. po 32 s. |
| 505 | 8 | 0 | |g Roč. V. 1955 12 č. po 36 s. |
| 505 | 8 | 0 | |g Roč. VI. 1956 12 č. po 32 s. |
| 505 | 8 | 0 | |g Roč. VII. 1957 12 č. po 32 s. |
| 505 | 8 | 0 | |g Roč. VIII. 1958 12 č. po 32 s. |
| 505 | 8 | 0 | |g Roč. IX. 1959 12 č. po 32 s. |
| 505 | 8 | 0 | |g Roč. X. 1960 12 č. po 32 s. |
| 650 | 0 | 7 | |a móda |2 SNKPH |9 19682 |
| 655 | 7 | |a časopisy pre ženy |2 SNKBUDS |9 70785 | |
| 700 | 1 | |a Štefániková-Hodálová, Marta |4 red |9 268773 | |
| 700 | 1 | |a Chudíková, Anna |4 red |9 268774 | |
| 700 | 1 | |a Vávrušová, R. |4 red |9 268775 | |
| 700 | 1 | |a Bačík, Emil, |d 1929-1999 |4 bkd |9 107905 | |
| 700 | 1 | |a Žilinčanová, Viera, |d 1932-2008 |4 bkd |9 114510 | |
| 700 | 1 | |a Dolinská, Dagmar |4 bkd |9 268776 | |
| 700 | 1 | |a Rybák, Otakar |4 bkd |9 268777 | |
| 700 | 1 | |a Vyskočil, Kamil, |d 1925-2017 |4 bkd |9 38850 | |
| 700 | 1 | |a Kállay, Karol, |d 1926-2012 |4 bkd |9 93736 | |
| 700 | 1 | |a Bellák, Vojtech |4 bkd |9 268778 | |
| 710 | 2 | |a Zväz československých žien (Bratislava, Slovensko) |4 pbl |9 268779 | |
| 710 | 2 | |a Textilná tvorba (Bratislava, Slovensko) |4 pbl |9 268780 | |
| 710 | 2 | |a Vydavateľstvo Pravda (Bratislava, Slovensko) |9 57484 | |
| 710 | 2 | |a Severoslovenské tlačiarne (Martin, Slovensko) |4 prt |9 245975 | |
| 710 | 2 | |a Tlačiarne SNP (Martin, Slovensko) |9 160232 | |
| 775 | 0 | |t Móda - textil | |
| 852 | |a SNK |b 10000 |h ČSB 937 | ||
| 852 | |a UKB |b 300000 |h SB 2298 | ||
| 852 | |a UKB |b 300000 |h 26 B 291 | ||
| 852 | |a SVKKK |b 900000 |h D 23 | ||
| 999 | |c 5657 |d 7587 | ||


